LEADER 00701nas a2200181 i 4500 001 000000015042 003 CaOOAMICUS 005 20180830125442.0 008 180830s1979 it u0 ita u 040 $aSeMil$bita 245 10$aVolontari :$bPerché? /$cCollana diretta da Luciano Tavazza. 260 $aBologna :$bEDB,$c1979. 300 $av. ;$c19 cm. 700 1 $aTavazza, Luciano.$0(OLS)http://semarc/name/7025 774 0 $tVerso uno statuto del volontariato.$dBologna : EDB, [1982]$g6$w()4500 774 0 $tVolontariato e Mezzogiorno.$dBologna : EDB, 1986.$w()15041 996 $6245$aVolontari :$bPerché?$9(OLS)http://semarc/title/401567 996 $6260$aBologna :$bEDB$9(OLS)http://semarc/publisher/29669 LEADER 01303nam a2200301 i 4500 001 000000127182 003 CaOOAMICUS 005 20070308000000.0 008 070308s2001 it u000 u ita u 013 $a99890 020 $a88-308-0723-0 040 $aSeMil$bita 100 1 $aSalvi, Renzo.$0(OLS)http://semarc/name/25468 245 10$aSe non la smetti, ti spengo... :$bbambini, comunicazione televisiva, società /$cRenzo Salvi ; presentazione di Giovanni Bianchi ; prefazione di Andrea Canevaro. 260 $aAssisi :$bCittadella,$ccopyr. 2001. 300 $a271 p. ;$c20 cm. 490 0 $aOrizzonti nuovi 500 $aFondo Card. C.M. Martini. 650 4$aFanciulli e televisione.$0(OLS)http://semarc/subject/24940 700 1 $aCanevaro, Andrea.$0(OLS)http://semarc/name/13484 830 0$aOrizzonti nuovi.$0(OLS)http://semarc/title/6284 850 $aSeMil 852 $aSeMil$W1$xVenegono$y1$m3M II 195$j81502$B81502$CSeMilBibl$Z2$F123835 $81 941 1 $a4 961 $aOmaggio: Martini Card. Carlo Maria 996 $6020$a88-308-0723-0$9(OLS)http://semarc/number/113549 996 $6245$aSe non la smetti, ti spengo... :$bbambini, comunicazione televisiva, società$9(OLS)http://semarc/title/187656 996 $6260$aAssisi :$bCittadella$9(OLS)http://semarc/publisher/29661